The molecular basis of antibiotic action
Uloženo v:
| Hlavní autor: | |
|---|---|
| Další autoři: | , , , |
| Médium: | Kniha |
| Jazyk: | angličtina |
| Vydáno: |
London, England, United Kingdom
John Wiley and Sons
1972
|
| Vydání: | Segunda edición |
| Témata: | |
| Tagy: |
Přidat tag
Žádné tagy, Buďte první, kdo vytvoří štítek k tomuto záznamu!
|
MARC
| LEADER | 00000cam a2200000 a 4500 | ||
|---|---|---|---|
| 001 | UCD8045 | ||
| 003 | CL-VaPUC | ||
| 005 | 20240123151837.0 | ||
| 008 | 170422e19720000uk |||||||||||||||||eng|d | ||
| 999 | |c 367815 |d 367813 | ||
| 020 | |a 0471279153 | ||
| 040 | |c Pontificia Universidad Católica de Valparaíso | ||
| 082 | 0 | 4 | |a 615.329 GAL 1972 |2 21 |
| 100 | |a Gale, E. F |9 591903 | ||
| 245 | 1 | 4 | |a The molecular basis of antibiotic action |
| 250 | |a Segunda edición | ||
| 260 | 0 | 3 | |a London, England, United Kingdom |b John Wiley and Sons |c 1972 |
| 300 | |a 646 páginas | ||
| 583 | |a last modification |c 20170422 00:05:00 |k Rodrigo Vera | ||
| 650 | 0 | |a Antibióticos |9 263034 | |
| 650 | 7 | |a MICROBIOLOGIA FARMACEUTICA |2 CL-VaPUC |9 263047 | |
| 650 | 0 | |a Bioquímica |9 259492 | |
| 650 | 0 | |a Farmacología |9 269634 | |
| 700 | 0 | |a Cundliffe, E |9 591904 | |
| 700 | 0 | |a Reynolds, P. E |9 591905 | |
| 700 | 0 | |a Richmond, M. H |9 591906 | |
| 700 | 0 | |a Waring, M. J. |9 591907 | |
| 942 | |c BK |2 ddc | ||
| 945 | |d 20170422 00:05:00 |a arojas | ||
| 952 | |0 0 |1 0 |2 ddc |3 erd |4 0 |6 615_329000000000000_GAL_1972 |7 0 |8 A |9 482918 |a BIBCUR |b BIBCUR |i 5388732 |o 615.329 GAL 1972 |p 5388732 |r 2025-04-22 |t 1 |w 2019-11-24 |y BK |z Catalogado en:20170422 |k BIO | ||